| 000 | 00363 a2200145 4500 | ||
|---|---|---|---|
| 005 | 20250627174822.0 | ||
| 020 | _a0-07-285477-4 | ||
| 082 | _a330 SLA | ||
| 100 | _aSLAVIN, S. L. | ||
| 245 | _aEconomics. | ||
| 250 | _a7th Ed. | ||
| 260 |
_aNew York, _bMcGraw Hill, _c2005. |
||
| 300 |
_axxiii, 806p.: ill.; figure, table _bGlossary & Index _c28cm |
||
| 942 |
_2ddc _cBKS |
||
| 999 |
_c5724 _d5724 |
||